• 首页
  • 本馆介绍
  • 公告通知
  • 最新文献
  • 馆藏检索
  • 电子资源
  • 读者导购
  • 参考咨询
  • 我的图书馆
  • 登录
  • 详细信息显示
  • 放入我的书架
  • 预约/预借图书
  • 作者相关作品
  • 分类相关作品
  • 丛书相关作品
  • 出版社相关作品

书目信息

  • 表格格式
  • 工作单格式
  • 卡片格式
题名:
篆法入门
    
 
作者: 周钟麟 校订
分册:  
出版信息: 北京   中国书店出版社  1988
页数: 48页
开本: 25cm
丛书名:
单 册:
中图分类: J292.31
科图分类:
主题词: 书法--中国 , 篆刻--中国
电子资源:
ISBN: 7-80568-032-9
000 00558nam0 2200205 45
001 0405201535
005 20040520151459.0
010    @a7-80568-032-9@dCNY3.50
100    @a20040520d1988 km y0chiy0120 ea
101 0  @achi
105    @a z 000yy
200 1  @a篆法入门@AZhuan Fa Ru Men@f周钟麟校订@FZhou Zhong Lin Jiao Ding
210    @a北京@c中国书店出版社@d1988
215    @a48页@d25cm
606 0  @a书法@x中国
606 0  @a篆刻@x中国
690    @aJ292.31@v3
701  0 @a周钟麟@4校订
801    @aCN@bPftUser@c20040520
905    @f1@b221706@dJ292.31@e217
    
    篆法入门/周钟麟校订.-北京:中国书店出版社,1988
    48页;25cm
    
    
    ISBN 7-80568-032-9:CNY3.50
    
●
相关链接 在E读中查询图书 在五车中查询图书 在当当中查询图书 在豆瓣中查询图书


正题名:篆法入门     索取号:J292.31/217         预约/预借

序号 登录号 条形码 馆藏地/架位号 状态 备注
1 0221706   001208990   第一借阅区/ [索取号:J292.31/217] 在馆    
2 0221707   001209070   第一样本阅览室/ [索取号:J292.31/217] 在馆    
唐山师范学院图书馆 欢迎您!
大连网信软件有限公司© 版权所有